Countries with 0% of People in Extreme Poverty - Statistics

General Stats
  • This quiz has been taken 203 times
  • The average score is 10 of 20
Answer Stats
Country % Correct
Switzerland
84%
Iceland
83%
Finland
78%
Belgium
77%
Germany
77%
Netherlands
76%
France
64%
Poland
55%
Czechia
51%
Malta
51%
Slovenia
49%
Cyprus
38%
Russia
38%
Romania
34%
Belarus
29%
Montenegro
23%
Azerbaijan
21%
Thailand
17%
Kazakhstan
16%
Lebanon
16%
No matching quizzes found
Score Distribution
Percent of People with Each Score
Percentile by Number Answered
Your Score History
You have not taken this quiz